000 00903nam a2200217Ii 4500
003 JO-AjNU
008 230605s9999||||xx |||||||||||||| ||und||
017 _a1995/6/582
040 _aJO-AjNU
_bara
_erda
_cJO-AjNU
041 _aara
050 1 4 _aKMU68.S596.2006
100 3 _aسوار، محمد وحيد الدبن ,
_eauthor
_912714
245 0 0 _aشرح القانون المدني : الحقوق العينية التبعية ، الرهن المجرد ، الرهن الحيازي ، حقوق الامتياز
250 _aط1
264 3 1 _aعمان : دار الثقافة ، 1995
300 _a416ص
336 _atext
_btxt
_2rdacontent
337 _aunmediated
_bn
_2rdamedia
338 _avolume
_bnc
_2rdacarrier
650 4 _aالحقوق العينية التبعية -- القانون المدني -- الأردن -- الرهن -- قوانين وتشريعات -- الأردن
_912715
999 _aA2974
_c6542
_d6542